000 00850cam a2200241 i 4500
020 _a0133942848
020 _a978-93-325-8614-7
082 _a624.171
_bHIB
100 1 _aHibbeler, R. C.
_91019
245 1 0 _aStructural analysis /
_cR.C. HIbbeler
250 _aNinth edition.
300 _axx, 700 pages :
_billustrations (some color) ;
_c25 cm
500 _aPrevious edition: Upper Saddle River, N.J. : Pearson/Prentice Hall, 2012.
526 _a0
_b0
_c0
_d624_171000000000000_HIB
526 _a0
_b0
_c0
_d624_171000000000000_HIB
526 _a0
_b0
_c0
_d624_171000000000000_HIB
526 _a0
_b0
_c0
_d624_171000000000000_HIB
526 _a0
_b0
_c0
_d624_171000000000000_HIB
526 _a0
_b0
_c0
_d624_171000000000000_HIB
526 _a0
_b0
_c0
_d624_171000000000000_HIB
650 0 _aStructural analysis (Engineering)
_9654
942 _2ddc
_cBK
999 _c554042
_d554042